[Event "Autunno Scacchistico A"]
[Site "Venezia ITA"]
[Date "2007.11.01"]
[Round "1"]
[White "Barletta, Mauro"]
[Black "Grandesso, Emanuele"]
[Result "1/2-1/2"]
[WhiteElo "2248"]
[BlackElo "2092"]
[PlyCount "97"]
[EventDate "2007.11.01"]

1. e4 g6 2. c4 Bg7 3. Nc3 d6 4. g3 e5 5. Bg2 Ne7 6. Nge2 O-O 7. O-O f5 8. d3 c6
9. Be3 Nd7 10. Qd2 Nf6 11. Bg5 Qc7 12. d4 Nxe4 13. Nxe4 fxe4 14. dxe5 dxe5 15.
Nc3 Nf5 16. Nxe4 h6 17. Be3 Nxe3 18. Qxe3 Bf5 19. Rad1 Rad8 20. Qxa7 Rd4 21.
Rxd4 exd4 22. Nc5 Qf7 23. Qxb7 Qxb7 24. Nxb7 Bd3 25. Rc1 Be2 26. Bf1 d3 27.
Bxe2 dxe2 28. Re1 Rb8 29. Rxe2 Rxb7 30. b3 Kf7 31. f4 Bd4+ 32. Kg2 Re7 33.
Rxe7+ Kxe7 34. Kf3 Bc3 35. Ke4 Kf6 36. g4 Ke6 37. Kd3 Bb4 38. Kd4 Bd6 39. Ke4
Ba3 40. h3 c5 41. h4 h5 42. f5+ gxf5+ 43. gxf5+ Kf6 44. Kf4 Bb4 45. Ke4 Be1 46.
a3 Bxh4 47. b4 cxb4 48. axb4 Be1 49. Kf3 1/2-1/2

[Event "Autunno Scacchistico A"]
[Site "Venezia ITA"]
[Date "2007.11.01"]
[Round "1"]
[White "Faccia, Sergio"]
[Black "Omeri, Silvan"]
[Result "1/2-1/2"]
[WhiteElo "2071"]
[BlackElo "2181"]
[PlyCount "132"]
[EventDate "2007.11.01"]

1. e4 c5 2. b4 cxb4 3. Bb2 Nf6 4. e5 Nd5 5. a3 e6 6. axb4 Bxb4 7. Qg4 O-O 8.
Nf3 Nc6 9. Bd3 Be7 10. Nc3 Ncb4 11. Nxd5 Nxd3+ 12. cxd3 exd5 13. Qd4 d6 14.
Rxa7 Rxa7 15. Qxa7 dxe5 16. Bxe5 Bg4 17. O-O Bxf3 18. gxf3 Bd6 19. Bg3 b6 20.
Rc1 Bc5 21. d4 Bxd4 22. Rc7 Qg5 23. Kg2 Qxd2 24. Qb7 Bc5 25. Rc8 Qb4 26. Rc7
Qd2 27. Rd7 d4 28. Qd5 h6 29. f4 Qe2 30. f5 Qh5 31. Qe4 g6 32. fxg6 Qxg6 33.
Qxg6+ fxg6 34. Be5 Rf5 35. f4 g5 36. Kf3 gxf4 37. Bxf4 Rf6 38. Ke4 Rg6 39. Be5
Kf8 40. Kf5 Ke8 41. Rd5 Rg5+ 42. Kf4 Rg6 43. h4 h5 44. Kf5 Rc6 45. Ke4 Re6 46.
Kf5 Re7 47. Bxd4 Bxd4 48. Rxd4 Rd7 49. Rb4 Rd6 50. Rb5 Kd7 51. Ke4 Rh6 52. Kd5
Kc7 53. Kc4 Kb7 54. Kb4 Ka6 55. Rg5 Rf6 56. Rxh5 Rf4+ 57. Kb3 Rg4 58. Ka3 b5
59. Rh7 Kb6 60. h5 Rh4 61. h6 Kc5 62. Rc7+ Kd6 63. Rb7 Kc6 64. Rh7 Kb6 65. Kb3
Ka5 66. Ra7+ Kb6 1/2-1/2

[Event "Autunno Scacchistico A"]
[Site "Venezia ITA"]
[Date "2007.11.01"]
[Round "1"]
[White "Gallo, Enrico"]
[Black "Keller, Christophe"]
[Result "1-0"]
[WhiteElo "2077"]
[BlackElo "2221"]
[PlyCount "125"]
[EventDate "2007.11.01"]

1. e4 e6 2. d4 d5 3. Nd2 Nf6 4. e5 Nfd7 5. Bd3 c5 6. c3 Nc6 7. Ne2 f6 8. Nf4
Qe7 9. Qh5+ Qf7 10. Qxf7+ Kxf7 11. exf6 gxf6 12. Nf3 cxd4 13. cxd4 Nb6 14. O-O
Be7 15. Re1 Bd7 16. Bd2 Nb4 17. Bb1 Rac8 18. Bc3 Na4 19. Re3 Bd6 20. g3 Nxc3
21. bxc3 Nc6 22. Bd3 Na5 23. Rae1 Bxf4 24. gxf4 Nc4 25. Bxc4 Rxc4 26. f5 Re8
27. Nd2 Ra4 28. Nb3 b6 29. fxe6+ Rxe6 30. Nc1 Rc4 31. Nd3 Rxc3 32. Ne5+ fxe5
33. Rxc3 exd4 34. Rf3+ Rf6 35. Rxf6+ Kxf6 36. Kg2 d3 37. Kf3 Bf5 38. Ke3 Kg5
39. Rg1+ Kh4 40. Rg7 a6 41. Rb7 b5 42. Rb6 Kh3 43. Rh6+ Kg2 44. Rf6 Be4 45. h4
h5 46. f3 d2 47. Kxd2 Bxf3 48. Ke3 Bg4 49. Rxa6 Kg3 50. Rd6 Kxh4 51. Kf2 Bd1
52. Rxd5 Ba4 53. Kf3 b4 54. Rd4+ Kh3 55. Rxb4 Bc6+ 56. Kf2 h4 57. a4 Bd7 58. a5
Bc8 59. Rb8 Be6 60. a6 Bd5 61. a7 Kh2 62. a8=Q h3 63. Qa3 1-0

[Event "Autunno Scacchistico A"]
[Site "Venezia ITA"]
[Date "2007.11.01"]
[Round "1"]
[White "Kasparov, Sergey"]
[Black "Bozzali, Ermanno"]
[Result "1/2-1/2"]
[WhiteElo "2466"]
[BlackElo "2136"]
[PlyCount "48"]
[EventDate "2007.11.01"]

1. e4 c5 2. Nf3 d6 3. d4 cxd4 4. Nxd4 Nf6 5. f3 e5 6. Nb3 d5 7. Bg5 Be6 8. Bxf6
gxf6 9. exd5 Qxd5 10. Qxd5 Bxd5 11. Nc3 Be6 12. O-O-O Nc6 13. Nd5 O-O-O 14. c4
f5 15. Bd3 Rg8 16. Rhg1 Nb4 17. Nxb4 Bxb4 18. g3 h5 19. Kc2 h4 20. a3 Bd6 21.
Be2 hxg3 22. hxg3 e4 23. fxe4 fxe4 24. g4 Bh2 1/2-1/2

[Event "Autunno Scacchistico A"]
[Site "Venezia ITA"]
[Date "2007.11.01"]
[Round "1"]
[White "Milazzo, Mario"]
[Black "Bosiocic, Marko"]
[Result "1-0"]
[WhiteElo "1971"]
[BlackElo "2160"]
[PlyCount "73"]
[EventDate "2007.11.01"]

1. e4 e5 2. Nf3 Nc6 3. Bc4 Bc5 4. b4 Bxb4 5. c3 Be7 6. d4 Na5 7. Nxe5 Nxc4 8.
Nxc4 d5 9. exd5 Qxd5 10. Ne3 Qc6 11. O-O Nf6 12. c4 O-O 13. d5 Qa6 14. Bb2 Bc5
15. Bd4 Qb6 16. Bxc5 Qxc5 17. Nd2 Rd8 18. Nb3 Qb6 19. Qc2 c5 20. Rae1 Qb4 21.
Nd2 Re8 22. Rb1 Qa5 23. Rfe1 b6 24. Nb3 Qa4 25. f3 Ba6 26. Rbc1 Re5 27. Nd2 Qd7
28. f4 Ree8 29. Nf3 Qc7 30. g3 Ne4 31. Nf5 Nd6 32. Nxd6 Qxd6 33. Kf2 Bb7 34.
Qf5 g6 35. Qd3 Kg7 36. Qc3+ Kg8 37. Ng5 1-0

[Event "Autunno Scacchistico A"]
[Site "Venezia ITA"]
[Date "2007.11.01"]
[Round "1"]
[White "Mileto, Gabriele"]
[Black "Zarpellon, Daniel"]
[Result "1/2-1/2"]
[WhiteElo "2164"]
[BlackElo "2001"]
[PlyCount "113"]
[EventDate "2007.11.01"]

1. Nf3 c5 2. c4 Nc6 3. d4 cxd4 4. Nxd4 g6 5. e4 Bg7 6. Be3 d6 7. Nc3 Nf6 8. Be2
O-O 9. O-O Bd7 10. Rc1 Nxd4 11. Bxd4 Bc6 12. f3 Nd7 13. Be3 b6 14. b3 Rc8 15.
Qd2 Qc7 16. Rfd1 Rfd8 17. Bf1 Nc5 18. Rc2 Qb7 19. Rdc1 Ne6 20. Nd5 Bxd5 21.
cxd5 Rxc2 22. Qxc2 Nf8 23. Qc7 Qxc7 24. Rxc7 Rd7 25. Rc8 e6 26. Bc4 exd5 27.
Bxd5 Bf6 28. Bh6 Rd8 29. Rxd8 Bxd8 30. Bf4 Bc7 31. Kf1 Ne6 32. Be3 Bd8 33. Ke2
Nc7 34. Bc6 f6 35. Kd3 Kf7 36. Kc4 Ke6 37. a4 Na6 38. b4 Nb8 39. Bd5+ Ke7 40.
Bb7 Kd7 41. Bd5 g5 42. g4 h6 43. Bg8 Nc6 44. Kb5 Nb8 45. Bh7 a6+ 46. Kc4 Nc6
47. Bf5+ Kc7 48. Bd4 Be7 49. b5 axb5+ 50. axb5 Ne5+ 51. Bxe5 dxe5 52. Kd5 Kd8
53. Ke6 Ke8 54. Bg6+ Kf8 55. Bh5 Bd8 56. Kd5 Be7 57. Kc6 1/2-1/2

[Event "Autunno Scacchistico A"]
[Site "Venezia ITA"]
[Date "2007.11.01"]
[Round "1"]
[White "Mrdja, Milan"]
[Black "Bellavita, Guido"]
[Result "1-0"]
[WhiteElo "2408"]
[BlackElo "2131"]
[PlyCount "87"]
[EventDate "2007.11.01"]

1. e4 e6 2. d4 d5 3. Nc3 Bb4 4. e5 c5 5. a3 cxd4 6. axb4 dxc3 7. Nf3 Ne7 8. Bd3
Nd7 9. O-O Nc6 10. Bb5 O-O 11. Re1 Qc7 12. Qe2 f6 13. exf6 Nxf6 14. bxc3 Bd7
15. Bd3 e5 16. b5 e4 17. bxc6 exf3 18. Qxf3 Bxc6 19. Qg3 Qxg3 20. hxg3 a6 21.
f3 Rfe8 22. Be3 g6 23. Bd4 Kf7 24. g4 Rxe1+ 25. Rxe1 Re8 26. Ra1 Re6 27. Kf2
Ne8 28. Rh1 Kg8 29. f4 Nd6 30. f5 Ne4+ 31. Kf3 Re8 32. fxg6 hxg6 33. Rh8+ Kf7
34. Rh7+ Kf8 35. Kf4 Re7 36. Rh8+ Kf7 37. g5 Ke6 38. Rg8 Be8 39. c4 Bf7 40. Rd8
Nd6 41. Bc5 Rd7 42. cxd5+ Ke7 43. Rh8 Bxd5 44. Ke5 1-0

[Event "Autunno Scacchistico A"]
[Site "Venezia ITA"]
[Date "2007.11.01"]
[Round "1"]
[White "Mufic, Goran"]
[Black "Panican, Gheorghe"]
[Result "1-0"]
[WhiteElo "2293"]
[BlackElo "2104"]
[PlyCount "77"]
[EventDate "2007.11.01"]

1. d4 Nf6 2. Nf3 g6 3. Bg5 Bg7 4. Nbd2 c5 5. e3 cxd4 6. exd4 d6 7. Bb5+ Nbd7 8.
O-O a6 9. Bd3 O-O 10. Re1 b6 11. Ne4 Bb7 12. Qd2 Re8 13. c3 Qc7 14. Rad1 Bc6
15. Bh6 Bxe4 16. Bxe4 Nxe4 17. Rxe4 Nf6 18. Rh4 Bh8 19. d5 Qd7 20. Be3 b5 21.
Ng5 Bg7 22. Bd4 h6 23. Ne4 Nxe4 24. Rxe4 Qf5 25. Bxg7 Kxg7 26. Rf4 Qd7 27. Rh4
g5 28. Rd4 Qf5 29. Re1 Rac8 30. h4 Rc5 31. Re3 g4 32. f3 gxf3 33. Rxf3 Qh5 34.
Rg3+ Kf8 35. b4 Rc4 36. Rxc4 bxc4 37. Qe1 Rc8 38. Qe4 Qe5 39. Qg4 1-0

[Event "Autunno Scacchistico A"]
[Site "Venezia ITA"]
[Date "2007.11.01"]
[Round "1"]
[White "Pfeifer, Andreas"]
[Black "Genocchio, Daniele"]
[Result "1/2-1/2"]
[WhiteElo "2131"]
[BlackElo "2433"]
[PlyCount "87"]
[EventDate "2007.11.01"]

1. e4 e6 2. d4 c5 3. d5 exd5 4. exd5 d6 5. Bb5+ Bd7 6. a4 Nf6 7. Nf3 Be7 8. O-O
O-O 9. h3 Na6 10. Nc3 Nc7 11. Bf4 Rb8 12. Qd3 Bc8 13. Rfe1 a6 14. Bc4 b6 15.
Rab1 b5 16. axb5 axb5 17. Nxb5 Nfxd5 18. Bxd5 Nxd5 19. Qxd5 Rxb5 20. Nd4 Bb7
21. Nc6 Bf6 22. c4 Rb6 23. Nxd8 Bxd5 24. cxd5 Rxd8 25. Re4 Rxb2 26. Rxb2 Bxb2
27. Bxd6 f5 28. Re6 c4 29. Be5 Bxe5 30. Rxe5 c3 31. d6 Rxd6 32. Rc5 Rd3 33. Kf1
f4 34. Ke2 Rd2+ 35. Ke1 Rc2 36. h4 Rc1+ 37. Ke2 Rh1 38. Rxc3 Rxh4 39. Kf3 g5
40. Rc7 Rh6 41. Kg4 Rg6 42. Rc8+ Kg7 43. Rc7+ Kh6 44. Rc5 1/2-1/2

[Event "Autunno Scacchistico A"]
[Site "Venezia ITA"]
[Date "2007.11.01"]
[Round "1"]
[White "Redo, Giorgio"]
[Black "Navarro, Stefano"]
[Result "0-1"]
[WhiteElo "2093"]
[BlackElo "2258"]
[PlyCount "88"]
[EventDate "2007.11.01"]

1. f4 d5 2. Nf3 Bg4 3. e3 e6 4. Be2 Nf6 5. O-O Bd6 6. d4 O-O 7. Nbd2 c5 8. Ne5
Bxe2 9. Qxe2 Nbd7 10. c4 Be7 11. b3 dxc4 12. Ndxc4 Rc8 13. Bb2 b5 14. Nxd7 Qxd7
15. Ne5 Qb7 16. Ng4 c4 17. bxc4 bxc4 18. Nxf6+ Bxf6 19. Ba3 Rfd8 20. Rab1 Qe4
21. Qf3 Qd3 22. Bc5 c3 23. Rbc1 Qc4 24. Rc2 g6 25. g4 Rd5 26. g5 Bg7 27. Kg2
Bf8 28. e4 Rd7 29. Qxc3 Qa4 30. Re2 Bxc5 31. dxc5 Rd4 32. Rc1 Rxe4 33. Rxe4
Qxe4+ 34. Kg3 Rd8 35. Qe5 Qd3+ 36. Kg4 Qd2 37. Rc3 Qg2+ 38. Rg3 Qxh2 39. Rc3
Qg2+ 40. Kh4 Rd5 41. Qf6 h5 42. Rg3 Qh2+ 43. Rh3 Qf2+ 44. Rg3 Rd1 0-1

[Event "Autunno Scacchistico A"]
[Site "Venezia ITA"]
[Date "2007.11.01"]
[Round "1"]
[White "Rezzuti, Vincenzo"]
[Black "Pechy, Alaster"]
[Result "1/2-1/2"]
[WhiteElo "2017"]
[BlackElo "2165"]
[PlyCount "134"]
[EventDate "2007.11.01"]

1. e4 c5 2. d4 cxd4 3. c3 d3 4. Bxd3 Nc6 5. Nf3 g6 6. O-O Bg7 7. a3 Nf6 8. c4
O-O 9. Nc3 d6 10. h3 Bd7 11. Bg5 h6 12. Be3 Kh7 13. Rc1 Be6 14. Nd5 Nd7 15. Rc2
Nc5 16. Nf4 Bd7 17. b4 Nxd3 18. Nxd3 Be6 19. Nf4 Qd7 20. Nxe6 Qxe6 21. Qd5 Rfc8
22. Rfc1 Nd8 23. Bd4 Rc7 24. Bxg7 Kxg7 25. Nd4 Qf6 26. Nb5 Rc6 27. c5 a6 28.
Nd4 e6 29. Qc4 Rc7 30. Qd3 dxc5 31. Rxc5 Rxc5 32. Rxc5 e5 33. Nf3 Nc6 34. Qc3
Re8 35. Rd5 Re6 36. a4 Rd6 37. Qc5 Re6 38. b5 b6 39. Qc3 axb5 40. axb5 Nd4 41.
Nxd4 exd4 42. Qxd4 Qxd4 43. Rxd4 Re5 44. Rb4 g5 45. f3 Kf6 46. Kf2 Rc5 47. Rb2
Ke5 48. Ke3 Rc3+ 49. Kf2 Kd4 50. Rd2+ Rd3 51. Rc2 Rc3 52. Ra2 Rc5 53. Ra7 f5
54. exf5 Rxf5 55. Rh7 Kc5 56. Rxh6 Kxb5 57. h4 gxh4 58. Rxh4 Kc5 59. g4 Rf8 60.
Rh5+ Kc4 61. Rh7 Rb8 62. g5 b5 63. f4 b4 64. Ke3 b3 65. Rc7+ Kd5 66. Rc1 b2 67.
Rb1 Ke6 1/2-1/2

[Event "Autunno Scacchistico A"]
[Site "Venezia ITA"]
[Date "2007.11.01"]
[Round "1"]
[White "Solinas, Carlo"]
[Black "Vianello, Enrico"]
[Result "1-0"]
[WhiteElo "2050"]
[BlackElo "2169"]
[PlyCount "115"]
[EventDate "2007.11.01"]

1. e4 d6 2. d4 Nf6 3. Bd3 e5 4. c3 Be7 5. h3 exd4 6. cxd4 d5 7. e5 Nfd7 8. Qh5
g6 9. Qh6 Bf8 10. Qf4 Bg7 11. Nc3 c5 12. Nf3 Nc6 13. O-O cxd4 14. e6 fxe6 15.
Nb5 Nde5 16. Nxe5 Bxe5 17. Qh6 a6 18. Bg5 Qd7 19. f4 Bg7 20. Nd6+ Qxd6 21. Qxg7
Qf8 22. Qc7 Qf7 23. Qb6 O-O 24. Rac1 Qd7 25. b4 Kg7 26. a4 h6 27. Bh4 Qd6 28.
b5 axb5 29. axb5 Qb4 30. Rxc6 bxc6 31. Qc7+ Rf7 32. Qe5+ Kh7 33. Qh5 Rf5 34.
Qe2 Ra3 35. Be1 Qd6 36. Bxf5 gxf5 37. Qb2 Ra4 38. Bd2 cxb5 39. Qxb5 Ra2 40. Bb4
Qd7 41. Qb6 Qg7 42. Rf2 Rxf2 43. Kxf2 d3 44. Bd2 Qb7 45. Qd4 Qe7 46. Bc3 Ba6
47. Qh8+ Kg6 48. Qg8+ Kh5 49. Kf3 d4 50. g4+ Kh4 51. Qg6 Bb7+ 52. Kf2 Kxh3 53.
g5 Kg4 54. gxh6+ Kxf4 55. Bd2+ Ke4 56. Qg2+ Ke5 57. Qg7+ Kd6 58. Bb4+ 1-0

[Event "Autunno Scacchistico A"]
[Site "Venezia ITA"]
[Date "2007.11.01"]
[Round "1"]
[White "Szirmai, Emil"]
[Black "Vancini, Edoardo"]
[Result "1-0"]
[WhiteElo "2102"]
[BlackElo "2290"]
[PlyCount "121"]
[EventDate "2007.11.01"]

1. e4 c5 2. Nf3 e6 3. b3 b6 4. d4 cxd4 5. Nxd4 Bc5 6. Be2 Bb7 7. Bf3 Nf6 8. Qd3
d5 9. exd5 Bxd5 10. Ne2 Nc6 11. Bxd5 Nxd5 12. O-O Ndb4 13. Qe4 O-O 14. a3 Nd5
15. Bb2 Qg5 16. Nbc3 Rad8 17. Rad1 Rfe8 18. Na4 Bf8 19. c4 Nde7 20. Nd4 Nxd4
21. Bxd4 Nf5 22. Bb2 Qh5 23. Nc3 Bd6 24. g3 Nh6 25. Qg2 Be5 26. Rde1 Rd3 27.
Qe4 Ng4 28. h4 Red8 29. Rd1 f5 30. Qe2 Rxd1 31. Rxd1 Qe8 32. Rxd8 Qxd8 33. Nd1
Qd6 34. Bxe5 Nxe5 35. Nc3 a6 36. Na4 Nd7 37. b4 h6 38. c5 bxc5 39. Nxc5 Nxc5
40. bxc5 Qc6 41. Qe5 Kf7 42. h5 Qd7 43. Qe2 Qa4 44. Qf3 Qd7 45. c6 Qc7 46. Qc3
a5 47. Qc4 Ke7 48. Qc5+ Kf6 49. f4 Kf7 50. Kf2 Qd8 51. Qc3 Qb6+ 52. Ke2 Qc7 53.
Qc5 Ke8 54. Kd3 Qb8 55. Qxa5 Qb1+ 56. Kc4 Qe4+ 57. Kb5 Qd3+ 58. Kb6 Qb3+ 59.
Qb5 Qe3+ 60. Kb7 Qe4 61. Kb8 1-0

[Event "Autunno Scacchistico A"]
[Site "Venezia ITA"]
[Date "2007.11.01"]
[Round "1"]
[White "Xia, Jie"]
[Black "Maccapan, Fabio"]
[Result "1/2-1/2"]
[WhiteElo "2220"]
[BlackElo "2072"]
[PlyCount "39"]
[EventDate "2007.11.01"]

1. e4 e5 2. Nf3 Nf6 3. Nxe5 d6 4. Nf3 Nxe4 5. d3 Nf6 6. Be2 Be7 7. O-O O-O 8.
d4 d5 9. c4 c6 10. Nc3 Bg4 11. Qb3 Qb6 12. h3 Qxb3 13. axb3 Bf5 14. c5 Nbd7 15.
Bf4 Rfe8 16. Rfc1 a6 17. Bf1 h6 18. b4 Ne4 19. Ra3 g5 20. Be3 1/2-1/2

[Event "Autunno Scacchistico A"]
[Site "Venezia ITA"]
[Date "2007.11.02"]
[Round "2"]
[White "Bellavita, Guido"]
[Black "Pesco, Giuseppe"]
[Result "0-1"]
[WhiteElo "2131"]
[BlackElo "2031"]
[PlyCount "67"]
[EventDate "2007.11.01"]

1. e4 d6 2. d4 Nf6 3. Nc3 g6 4. f3 Bg7 5. Be3 c6 6. Qd2 b5 7. Bd3 Nbd7 8. Nge2
Qc7 9. Nd1 a6 10. c3 Bb7 11. Nf2 c5 12. O-O O-O 13. Rad1 Rac8 14. Bh6 Qa5 15.
Bxg7 Kxg7 16. Bb1 Rc7 17. Qe3 e5 18. d5 c4 19. Ng3 h6 20. f4 exf4 21. Qxf4 Ne5
22. h3 b4 23. Ng4 Nfxg4 24. hxg4 Qb6+ 25. Kh1 Bc8 26. Qf6+ Kh7 27. Rf4 Bxg4 28.
Rdf1 Rb7 29. Qh4 g5 30. Qxg4 Nxg4 31. Rxg4 Kg8 32. Nf5 f6 33. Nxh6+ Kg7 34.
Nf5+ 0-1

[Event "Autunno Scacchistico A"]
[Site "Venezia ITA"]
[Date "2007.11.02"]
[Round "2"]
[White "Bianchi, Andrea"]
[Black "Redo, Giorgio"]
[Result "0-1"]
[WhiteElo "2156"]
[BlackElo "2093"]
[PlyCount "146"]
[EventDate "2007.11.01"]

1. e4 Nc6 2. d4 e5 3. dxe5 Nxe5 4. Nf3 Qf6 5. Be2 Bc5 6. O-O d6 7. Nc3 Ne7 8.
Na4 Nxf3+ 9. Bxf3 Bd4 10. Nc3 O-O 11. Bd2 Bd7 12. Rb1 c6 13. Qc1 h6 14. Ne2 Be5
15. Nf4 Ng6 16. g3 Nxf4 17. gxf4 Bh3 18. Rd1 Rad8 19. Be3 Rfe8 20. Kh1 d5 21.
exd5 cxd5 22. Rxd5 Bxf4 23. Bxf4 g5 24. Rxd8 Rxd8 25. Qe3 Qxf4 26. Qxf4 gxf4
27. Rd1 Rxd1+ 28. Bxd1 Kf8 29. Bf3 b6 30. Bg2 Bf5 31. c3 Bb1 32. a3 Ke7 33. Bd5
f5 34. Kg1 Be4 35. Bc4 Kd6 36. Kf1 Kc5 37. Be6 Bd3+ 38. Ke1 Kd6 39. Bb3 Ke5 40.
Kd2 Be4 41. Bc4 Kf6 42. Ke2 f3+ 43. Ke3 Ke5 44. Bb3 f4+ 45. Kd2 Kf5 46. Bc2
Bxc2 47. Kxc2 Kg4 48. c4 Kh3 49. Kd2 Kxh2 50. b4 Kg2 51. Ke1 h5 52. c5 h4 53.
c6 h3 54. c7 h2 55. c8=Q h1=Q+ 56. Kd2 Kxf2 57. Qe6 Kg1 58. Qe1+ Kg2 59. Qe7
Qh2 60. Qe4 Kg1+ 61. Kc3 f2 62. Qd4 Qg3+ 63. Kc4 Kg2 64. Qd5+ f3 65. Qd2 Kg1
66. Qd4 Kg2 67. Qd2 Kh3 68. Qd3 Qg8+ 69. Kb5 Kg2 70. Qd2 Qg6 71. Ka4 b5+ 72.
Kb3 Qb1+ 73. Kc3 Qe1 0-1

[Event "Autunno Scacchistico A"]
[Site "Venezia ITA"]
[Date "2007.11.02"]
[Round "2"]
[White "Bosiocic, Marko"]
[Black "Horton-Kitchlew, Andrew"]
[Result "0-1"]
[WhiteElo "2160"]
[BlackElo "2097"]
[PlyCount "78"]
[EventDate "2007.11.01"]

1. d4 c6 2. Nf3 d5 3. Bf4 Nf6 4. c3 Nbd7 5. e3 Nh5 6. Bg5 h6 7. Bh4 g5 8. Bg3
Nxg3 9. hxg3 Bg7 10. Qc2 Qc7 11. Nbd2 b5 12. Bd3 a5 13. a3 Nb6 14. e4 Nc4 15.
e5 Bd7 16. Nb3 a4 17. Nc5 Na5 18. Bf5 Bxf5 19. Qxf5 e6 20. Qc2 Nb7 21. Nxb7
Qxb7 22. Nh2 c5 23. Qd2 cxd4 24. cxd4 Rc8 25. Ng4 Qb6 26. O-O Rc4 27. Rad1 Qc7
28. Ne3 Rc6 29. f4 Bf8 30. fxg5 hxg5 31. Rf2 f5 32. exf6 Qxg3 33. f7+ Kd7 34.
Nf1 Qh4 35. Rf3 g4 36. Rc3 Rh7 37. Qf4 Rxc3 38. bxc3 Qh1+ 39. Kf2 Qh5 0-1

[Event "Autunno Scacchistico A"]
[Site "Venezia ITA"]
[Date "2007.11.02"]
[Round "2"]
[White "Bozzali, Ermanno"]
[Black "Barletta, Mauro"]
[Result "0-1"]
[WhiteElo "2136"]
[BlackElo "2248"]
[PlyCount "48"]
[EventDate "2007.11.01"]

1. e4 e5 2. Nf3 Nf6 3. Nxe5 d6 4. Nf3 Nxe4 5. d4 d5 6. Bd3 Bd6 7. O-O O-O 8. c4
Bg4 9. cxd5 f5 10. Nc3 Nd7 11. Nb5 Nb6 12. h3 Bh5 13. Nxd6 Qxd6 14. Be3 Nxd5
15. Qb3 Bxf3 16. gxf3 Kh8 17. Bxe4 fxe4 18. fxe4 Qg6+ 19. Kh2 Qxe4 20. Rg1 Rf3
21. Rg4 Qf5 22. Qxb7 Rf8 23. Rg3 Rxg3 24. Kxg3 Nxe3 0-1

[Event "Autunno Scacchistico A"]
[Site "Venezia ITA"]
[Date "2007.11.02"]
[Round "2"]
[White "Cristiani, Cesare"]
[Black "Mrdja, Milan"]
[Result "0-1"]
[WhiteElo "2166"]
[BlackElo "2408"]
[PlyCount "52"]
[EventDate "2007.11.01"]

1. d4 g6 2. e4 Bg7 3. Nf3 d6 4. Nc3 a6 5. a4 b6 6. Be3 Bb7 7. h3 Nd7 8. Be2 e6
9. O-O Ne7 10. Qd2 h6 11. Rfe1 Nf6 12. Bd3 Qd7 13. Rad1 g5 14. Nh2 d5 15. e5
Ne4 16. Bxe4 dxe4 17. Ng4 O-O-O 18. Qe2 Nf5 19. Qc4 h5 20. Bxg5 hxg4 21. hxg4
Nxd4 22. Bxd8 Rxd8 23. Kf1 Bxe5 24. Nxe4 Qd5 25. Qxd5 Bxd5 26. c3 Bc4+ 0-1

[Event "Autunno Scacchistico A"]
[Site "Venezia ITA"]
[Date "2007.11.02"]
[Round "2"]
[White "Genocchio, Daniele"]
[Black "Milazzo, Mario"]
[Result "1-0"]
[WhiteElo "2433"]
[BlackElo "1971"]
[PlyCount "117"]
[EventDate "2007.11.01"]

1. e4 e5 2. Nf3 Nc6 3. d4 exd4 4. Nxd4 Bc5 5. Nxc6 Qf6 6. Qd2 dxc6 7. Nc3 a6 8.
Bd3 Ne7 9. Na4 Ba7 10. Qf4 Qd6 11. Bd2 Ng6 12. Qg3 Qxg3 13. hxg3 Ne5 14. Be2
Bg4 15. f3 Be6 16. b3 Bd7 17. Bf4 f6 18. O-O-O O-O-O 19. Kb1 Ng6 20. Bc1 Be6
21. Rxd8+ Rxd8 22. Ba3 Kb8 23. Nc5 Bxc5 24. Bxc5 h6 25. f4 Nf8 26. Bd4 Nd7 27.
Bh5 Rf8 28. c4 b5 29. c5 Bf7 30. Bf3 Re8 31. Kc2 Nf8 32. e5 Ne6 33. Bc3 Bg6+
34. Kb2 fxe5 35. Bxe5 Kb7 36. b4 Re7 37. Re1 Nd4 38. Bd1 Bh7 39. Re3 Nf5 40.
Rd3 Nh4 41. Rd2 Nf5 42. Rd3 Nh4 43. Rd8 Nxg2 44. Bg4 Be4 45. Bc8+ Ka7 46. Bd6
Rf7 47. Be6 Rf6 48. Re8 Ne3 49. Bxc7 Nd5 50. Bb8+ Kb7 51. Be5 Rg6 52. f5 Rg5
53. Bd7 Nxb4 54. Kc3 a5 55. Bf4 Nd5+ 56. Kd4 Rh5 57. Rb8+ Ka7 58. Bxc6 Nc7 59.
Rb7+ 1-0

[Event "Autunno Scacchistico A"]
[Site "Venezia ITA"]
[Date "2007.11.02"]
[Round "2"]
[White "Grandesso, Emanuele"]
[Black "Kasparov, Sergey"]
[Result "1/2-1/2"]
[WhiteElo "2092"]
[BlackElo "2466"]
[PlyCount "145"]
[EventDate "2007.11.01"]

1. c4 c5 2. Nc3 b6 3. Nf3 Bb7 4. e3 Nf6 5. Be2 e6 6. O-O Be7 7. d4 cxd4 8. Nxd4
O-O 9. b3 a6 10. Bb2 d6 11. Bf3 Qc7 12. Rc1 Nbd7 13. Bxb7 Qxb7 14. Qf3 Qxf3 15.
Nxf3 Rfc8 16. Rfd1 Kf8 17. Kf1 Rab8 18. Ba3 Ne8 19. Ne4 Nc5 20. Nxc5 bxc5 21.
Bb2 a5 22. Bc3 a4 23. Nd2 Bf6 24. bxa4 Ra8 25. Ne4 Rxa4 26. Bxf6 gxf6 27. Nxd6
Nxd6 28. Rxd6 Rxa2 29. Rcd1 Rc2 30. Rd8+ Rxd8 31. Rxd8+ Kg7 32. Rc8 Rxc4 33.
Ke1 Rc2 34. g3 h5 35. h4 Kg6 36. Rg8+ Kf5 37. Rg7 Ke4 38. Rxf7 f5 39. Re7 Kf3
40. Rxe6 Re2+ 41. Kd1 Rxf2 42. Rh6 Kxe3 43. Rxh5 Kd3 44. Ke1 Re2+ 45. Kf1 Re5
46. Rh8 c4 47. Rd8+ Kc2 48. Kf2 c3 49. Kf3 Kb3 50. Kf4 Re4+ 51. Kxf5 c2 52.
Rd3+ Kb4 53. Kxe4 c1=Q 54. Rf3 Qh1 55. Kf4 Kc4 56. Rf2 Qh3 57. Rc2+ Kd5 58.
Rd2+ Ke6 59. Re2+ Kf6 60. Rf2 Kg6 61. Re2 Qf1+ 62. Ke3 Qg1+ 63. Kf4 Qd4+ 64.
Kf3 Kf5 65. Kg2 Qd5+ 66. Kh2 Qd4 67. Kg2 Qd5+ 68. Kh2 Qf3 69. Rb2 Qd3 70. Kg2
Qe4+ 71. Kh2 Kg4 72. Rf2 Qe3 73. Rf4+ 1/2-1/2

[Event "Autunno Scacchistico A"]
[Site "Venezia ITA"]
[Date "2007.11.02"]
[Round "2"]
[White "Keller, Christophe"]
[Black "Pastres, Roberto"]
[Result "1-0"]
[WhiteElo "2221"]
[BlackElo "2119"]
[PlyCount "73"]
[EventDate "2007.11.01"]

1. e4 c5 2. Nc3 e6 3. f4 Nc6 4. Nf3 a6 5. d3 d5 6. g3 Be7 7. Bg2 d4 8. Ne2 Nf6
9. O-O b6 10. h3 Bb7 11. Kh1 O-O 12. g4 Re8 13. Ng3 Bf8 14. a3 Qc7 15. Qe1 Rad8
16. g5 Nd7 17. Nh5 c4 18. Rg1 f5 19. gxf6 Nxf6 20. Nxf6+ gxf6 21. Nh4 cxd3 22.
cxd3 Na5 23. Qd1 Bg7 24. b4 Nc6 25. Ra2 Na7 26. Rc2 Qd7 27. f5 e5 28. Bd2 Bc6
29. Qc1 Rc8 30. Bf3 Ba4 31. Rxc8 Rxc8 32. Qe1 Kh8 33. Bd1 Bc2 34. Bxc2 Rxc2 35.
Qd1 Qc7 36. Qh5 Qd7 37. Bh6 1-0

[Event "Autunno Scacchistico A"]
[Site "Venezia ITA"]
[Date "2007.11.02"]
[Round "2"]
[White "Maccapan, Fabio"]
[Black "Mileto, Gabriele"]
[Result "0-1"]
[WhiteElo "2072"]
[BlackElo "2164"]
[PlyCount "100"]
[EventDate "2007.11.01"]

1. Nf3 g6 2. c4 Bg7 3. g3 e5 4. Nc3 Nc6 5. Bg2 d6 6. d3 Nf6 7. O-O O-O 8. Rb1
a5 9. a3 Nd4 10. Nd2 c6 11. b4 axb4 12. axb4 Bg4 13. h3 Be6 14. e3 Nf5 15. Nf3
Ne8 16. Bb2 d5 17. cxd5 cxd5 18. Ra1 Rxa1 19. Bxa1 d4 20. exd4 Nxd4 21. Ne4
Nxf3+ 22. Qxf3 Bd5 23. Qe2 Nc7 24. Nd2 Bxg2 25. Kxg2 Qd5+ 26. Qe4 Rd8 27. Nc4
f6 28. Rc1 Ne6 29. Ne3 Qxe4+ 30. dxe4 Bh6 31. Re1 Bxe3 32. Rxe3 Rd1 33. Bc3 Nd4
34. Re1 Rd3 35. Re3 Rxe3 36. fxe3 Ne6 37. h4 Kf7 38. Kf3 Ke7 39. Ke2 Kd6 40.
Kd3 Kc6 41. Kc4 Nc7 42. Be1 Nb5 43. Bd2 Nd6+ 44. Kd3 Kb5 45. Be1 h5 46. Bc3 Ka4
47. Be1 Kb3 48. Bd2 b5 49. Be1 Nc4 50. Ke2 Kc2 0-1

[Event "Autunno Scacchistico A"]
[Site "Venezia ITA"]
[Date "2007.11.02"]
[Round "2"]
[White "Navarro, Stefano"]
[Black "Timoshenko, Georgy"]
[Result "0-1"]
[WhiteElo "2258"]
[BlackElo "2544"]
[PlyCount "98"]
[EventDate "2007.11.01"]

1. e4 c5 2. Nf3 Nc6 3. d4 cxd4 4. Nxd4 Nf6 5. Nc3 e5 6. Ndb5 d6 7. a4 a6 8. Na3
Be7 9. Bc4 Bg4 10. f3 Be6 11. Be3 Nb4 12. O-O d5 13. exd5 Nbxd5 14. Nxd5 Nxd5
15. Bf2 Rc8 16. Re1 f6 17. c3 Bxa3 18. Bxd5 Qxd5 19. Qxd5 Bxd5 20. Rxa3 Kf7 21.
Bb6 g5 22. a5 h5 23. Ra4 Rhg8 24. Kf2 Ke6 25. Rb4 Rc4 26. Rxc4 Bxc4 27. Rd1 Bd5
28. Bc5 g4 29. b4 gxf3 30. gxf3 h4 31. Rd2 Bc6 32. Ke3 Kf5 33. Rf2 Rg1 34. Kd2
h3 35. Bb6 Ra1 36. Bc5 Ke6 37. Ke3 Ra3 38. Kd2 f5 39. Kc2 Ra2+ 40. Kd3 Bb5+ 41.
c4 Ra3+ 42. Kd2 Bxc4 43. f4 e4 44. Bb6 Kd5 45. Bc5 Rb3 46. Kc1 e3 47. Rc2 Bd3
48. Rb2 Rc3+ 49. Kd1 Ke4 0-1